|
|
|
|
| LEADER |
02415nam a2200565 a 4500 |
| 001 |
nkc20102149334 |
| 003 |
CZ PrNK |
| 005 |
20110211141643.0 |
| 007 |
ta |
| 008 |
101109s2010 xr a f m 000 0 eng |
| 015 |
|
|
|a cnb002149334
|
| 020 |
|
|
|a 978-80-214-4170-5
|q (brož.)
|
| 035 |
|
|
|a (OCoLC)707608639
|
| 040 |
|
|
|a OLA001
|b cze
|d BOA001
|
| 041 |
0 |
|
|a eng
|b cze
|
| 072 |
|
7 |
|a 533
|x Mechanika plynů. Aeromechanika. Fyzika plazmatu
|2 Konspekt
|9 6
|
| 080 |
|
|
|a 533.6.011
|2 MRF
|
| 080 |
|
|
|a 519.673
|2 MRF
|
| 080 |
|
|
|a 004.94
|2 MRF
|
| 080 |
|
|
|a (043.5)
|2 MRF
|
| 080 |
|
|
|a (048.3)
|2 MRF
|
| 100 |
1 |
|
|a Rudolf, Pavel
|7 jx20100104002
|4 dis
|
| 245 |
1 |
2 |
|a A contribution to study of the swirling flow :
|b short version of habilitation thesis = Příspěvek ke studiu vírového proudění : zkrácená verze habilitační práce /
|c Pavel Rudolf
|
| 246 |
3 |
1 |
|a Příspěvek ke studiu vírového proudění
|
| 260 |
|
|
|a Brno :
|b VUTIUM,
|c 2010
|
| 300 |
|
|
|a 34 s. :
|b il. ;
|c 24 cm
|
| 490 |
1 |
|
|a Vědecké spisy Vysokého učení technického v Brně. Habilitační a inaugurační spisy,
|x 1213-418X ;
|v sv. 366
|
| 500 |
|
|
|a Zkrácená verze habilitační práce--Vysoké učení technické v Brně, Fakulta strojního inženýrství, Energetický ústav, 2010
|
| 504 |
|
|
|a Obsahuje bibliografii
|
| 546 |
|
|
|a České resumé
|
| 650 |
0 |
7 |
|a proudění vzduchu
|7 ph124684
|2 czenas
|
| 650 |
0 |
7 |
|a matematické modelování
|7 ph115240
|2 czenas
|
| 650 |
0 |
7 |
|a počítačové modelování
|7 ph124513
|2 czenas
|
| 650 |
0 |
9 |
|a air flow
|2 eczenas
|
| 650 |
0 |
9 |
|a mathematical modeling
|2 eczenas
|
| 650 |
0 |
9 |
|a computer modeling
|2 eczenas
|
| 653 |
0 |
|
|a vírové proudění
|a swirling flow
|
| 655 |
|
7 |
|a habilitační práce
|7 fd185153
|2 czenas
|
| 655 |
|
7 |
|a teze
|7 fd133701
|2 czenas
|
| 655 |
|
9 |
|a habilitation theses
|2 eczenas
|
| 655 |
|
9 |
|a abstracts
|2 eczenas
|
| 710 |
2 |
|
|a Vysoké učení technické v Brně.
|b Energetický ústav
|7 mzk2003195514
|
| 810 |
2 |
|
|a Vysoké učení technické v Brně.
|t Vědecké spisy.
|p Habilitační a inaugurační spisy
|0 s
|
| 910 |
2 |
|
|a BOA001
|b 2-1259.162
|
| 928 |
9 |
|
|a Vysoké učení technické v Brně
|
| 990 |
|
|
|a BK
|
| 995 |
|
|
|a 01
|
| 991 |
|
|
|b 201102
|c NOV
|e n
|
| 996 |
6 |
|
|b 2610460806
|c 2-1259.162
|l MZK
|r Sklad / do 1 hodiny
|n 0
|p p.v.
|w 001165609
|u 000010
|a 1
|e BOA001
|j MZK50
|s P
|
| 996 |
7 |
|
|b 2610460807
|c 2-1259.162
|l MZK
|r Sklad / do 1 hodiny
|n 2
|p p.v.
|w 001165609
|u 000020
|a 1
|e BOA001
|j MZK50
|s A
|